LEADER 00635nam a2200193 i 4500 001 000000180400 003 CaOOAMICUS 005 20090708000000.0 008 090708s1952 xx u000 u lat u 013 $a158045 040 $aSeMil$bita 245 10$aTesto. 300 $aV, 916 p. 490 0 $aStudi e testi ;$v161 773 0 $tUmbria.$dCittą del Vaticano : Biblioteca Apostolica Vaticana, 1952.$g1$w()21651 830 0$aStudi e testi ;$v161.$0(OLS)http://semarc/title/153 850 $aSeMil 852 $aSeMil$W1$xVenegono$y1$m3C V 173$j131148$B131148$CSeMilBibl$Z2$F143046 $81 996 $6245$aTesto$9(OLS)http://semarc/title/52238 LEADER 00905nas a2200229 i 4500 001 000000180982 003 CaOOAMICUS 005 20090901000000.0 008 090810b2009 it uu u0 0mul r 013 $a158763 040 $aSeMil$bita 245 10$aMarco Maria Olivetti :$bun filosofo della religione. 260 $aPisa ;$aRoma :$bFabrizio Serra,$c2009. 300 $a286 p. ;$c25 cm. 500 $aContiene : Bibliografia. 773 0 $tArchivio di Filosofia.$dRoma : [s.n.], 1931.$x0004-0088$w()1907 774 0 $t[vedi periodico].$w()271582 850 $aSeMil 852 $aSeMil$W1$xVenegono$y1$m199 3 20$j131730$B131730$CSeMilBibl$Z2$F143923 $85 961 $aAbbonamento: Accademia Editoriale 996 $6245$aMarco Maria Olivetti :$bun filosofo della religione$9(OLS)http://semarc/title/259865 996 $6260$aPisa ;$aRoma :$bFabrizio Serra$9(OLS)http://semarc/publisher/34314